000 01517cam a2200325 4500
008 040219n2004 000 0 eng u
020 _a1842191829
035 _a(Sirsi) u125209
041 _aeng
050 _a333.72
_c18
100 _aEdwards, Michael
245 4 _aThe funding and development of the built environment
_bissues for sustainable development
260 _aLondon
_bRICS Foundation
_c2004
300 _a31p.
_c30cm.
490 _aRICS Foundation Scoping Studies
520 _aThis report considers whether there are new approaches to financing, development and investment that will help to develop the built environment in a more economically, socially and environmentally sustainable way. The report identifies nine broad themes that require further research, including the pivotal theme: containment - densification and land re-use. Bibliography. View a more detailed literature review at www.bartlett.ucl.ac.uk.
650 _aBUILT ENVIRONMENT
650 _aSUSTAINABLE DEVELOPMENT
650 _aCONTAINMENT
650 _aSustainability
_96271
650 _aFUNDING
690 _aDEVELOPMENT-SUSTAINABLE
700 _aDe Magalhaes, Claudio
700 _aKaradimitriou, Nikos
700 _aRehman, Kahlil
710 _aRoyal Institution of Chartered Surveyors
_bFoundation
_94173
710 _aUniversity College London Bartlett School of Planning
_94662
856 _uhttps://eprints.ucl.ac.uk/5203/1/5203.pdf
_zView the report free of charge at www.ucl.ac.uk.
942 _n0
999 _c103365
_d103365